El manejo de incertidumbre y conflictos de meta. Notas sobre la concertación del salario mínimo en Chile (1990-1991) /
محفوظ في:
| المؤلف الرئيسي: | |
|---|---|
| التنسيق: | نص |
| الموضوعات: | |
| الوسوم: |
إضافة وسم
لا توجد وسوم, كن أول من يضع وسما على هذه التسجيلة!
|
MARC
| LEADER | 00000 a a2200000 04500 | ||
|---|---|---|---|
| 001 | 48566 | ||
| 003 | |||
| 040 | |||
| 090 | |a REV0475 (77) 1992 | ||
| 100 | |a Schedler, Andreas | ||
| 245 | |a El manejo de incertidumbre y conflictos de meta. |b Notas sobre la concertación del salario mínimo en Chile (1990-1991) / |c Andreas Schedler | ||
| 650 | |a POBREZA | ||
| 650 | |2 Macrothesauro de la OCDE/ | ||
| 650 | |a DESEMPLEO | ||
| 650 | |2 Macrothesauro de la OCDE/ | ||
| 650 | |a POLITICA | ||
| 650 | |2 Macrothesauro de la OCDE/ | ||
| 650 | |a CONCERTACION | ||
| 650 | |2 LISTADO UNIFICADO CLACSO/ | ||
| 650 | |a SINDICATOS | ||
| 650 | |2 Macrothesauro de la OCDE/ | ||
| 650 | |a SALARIOS | ||
| 650 | |2 Macrothesauro de la OCDE | ||
| 773 | |a número77, (1992) | ||
| 999 | |c 26096 |d 26096 | ||
